000
00245nam a2200109Ia 4500
008
151213s9999 xx 000 0 und d
245
_a
System Product CMS Prime
260
_b
LBM
_c
1986
300
_a
2985 p.
650
_a
Reference
999
_c
2072
_d
2072